Deutsche Landkreise und kreisfreie Städte nach Buchstabe - P - Statistiken

Allgemein
  • Dieses Quiz wurde 167 mal gespielt
  • Das Durchschnittsergebnis liegt bei 10 aus 12
Antwortstatistiken
Bundesland Kreis % Korrekt
Nordrhein-Westfalen Paderborn
95%
Bayern Passau
95%
Bayern Passau
95%
Brandenburg Potsdam
94%
Baden-Württemberg Pforzheim
89%
Rheinland-Pfalz Pirmasens
85%
Schleswig-Holstein Pinneberg
83%
Schleswig-Holstein Plön
82%
Niedersachsen Peine
81%
Bayern Pfaffenhofen
73%
Brandenburg Prignitz
66%
Brandenburg Potsdam-Mittelmark
56%
Keine übereinstimmenden Quizze gefunden
Verteilung der Resultate
Anzahl Personen mit jedem Resultat
Perzentil nach korrekt beantworteten Fragen
Ihre Resultats-Entwicklung
Sie haben dieses Quiz noch nicht gespielt